000
00396nam a22001697a 4500
003
MPLRDC
005
20220104153430.0
008
210129b ||||| |||| 00| 0 eng d
082
_a
848.1 BJ-46
100
_a
巴金著
245
_a
相逢争如不逢
_c
250
_a
初版
260
_a
_b
香港竟成书局
_c
1961
300
_b
平
650
_a
现代别集
942
_c
BK
_o
848.1 BJ-46
999
_c
53441
_d
53431